Śālagherira sīmānāẏa. (Record no. 58846)

MARC details
000 -LEADER
fixed length control field 00472cam a22001931 4500
001 - CONTROL NUMBER
control field sa 64004955
003 - CONTROL NUMBER IDENTIFIER
control field DLC
005 - DATE AND TIME OF LATEST TRANSACTION
control field 20260227112029.0
008 - FIXED-LENGTH DATA ELEMENTS--GENERAL INFORMATION
fixed length control field 840418s1963 xx 000 0 beno
010 ## - LIBRARY OF CONGRESS CONTROL NUMBER
LC control number sa 64004955
035 ## - SYSTEM CONTROL NUMBER
System control number (OCoLC)16763174
040 ## - CATALOGING SOURCE
Original cataloging agency DLC
Transcribing agency OrPS
Modifying agency DLC
042 ## - AUTHENTICATION CODE
Authentication code premarc
050 00 - LIBRARY OF CONGRESS CALL NUMBER
Classification number PK1718.B39
Item number S3
100 1# - MAIN ENTRY--PERSONAL NAME
Personal name Basu, Samareśa,
Dates associated with a name 1924-1988.
245 10 - TITLE STATEMENT
Title Śālagherira sīmānāẏa.
260 ## - PUBLICATION, DISTRIBUTION, ETC.
Date of publication, distribution, etc. [1963/64]
300 ## - PHYSICAL DESCRIPTION
Extent 330 p.
Dimensions 23 cm.

No items available.

Powered by Koha